000 00883nam a2200265Ia 4500
003 OSt
005 20220923211047.0
006 a|||||r|||| 00| 0
007 ta
008 220922b |||||||| |||| 00| 0 hin d
020 _a8176671487 (hbk)
_c450
024 _a273,645
037 _b151, 29/08/2013, Swaraj Prakashan
_cTextual
040 _aARTS
_cARTS
_bhin
041 _2hin
_ahin
082 _aO152,3N513NA, P4
100 _aचंदेल, रूपसिंह
_9156279
245 0 _aनटसार
246 _aNaṭasāra
260 _aदिल्ली
_b भावना प्रकाशन
_c2004
300 _a407पृ.
_ccm.
650 _aहिन्दी साहित्य
_9156264
942 _hO152,3N513NA, P4
_cTEXL
_2CC
999 _c294682
_d294682